| 000 | 01022nam a22002657a 4500 | ||
|---|---|---|---|
| 001 | 76294 | ||
| 003 | BD-RjUL | ||
| 005 | 20211209082825.0 | ||
| 008 | 191120s2003 bg ||||| |||| 00| 0 ben d | ||
| 020 | _a9844103258 | ||
| 035 | _a(BD-RjUL)76515 | ||
| 040 |
_aBD-RjUL _beng _cBD-RjUL |
||
| 041 | _aeng | ||
| 082 |
_223 _a371.35 _bISU 2003 |
||
| 100 |
_aইসলাম, এম আমিনুল _9235220 |
||
| 245 | 1 | 0 |
_aউন্মুক্ত ও দূরশিক্ষণ : _bতত্ত্ব ও চর্চা / _cএম আমিনুল ইসলাম |
| 260 |
_aঢাকা : _bমাওলা ব্রাদার্স, _c২০০৩ |
||
| 300 |
_a২২৮ পৃ. ; _c২১ সেমি. |
||
| 504 | _aগ্রন্থপঞ্জি সংযু্ক্ত | ||
| 650 |
_aউন্মুক্ত শিক্ষা _9235221 |
||
| 650 |
_aদূরত্ব শিক্ষা _9235222 |
||
| 650 |
_aOpen learning _9235223 |
||
| 650 |
_aDistance education _9235224 |
||
| 942 |
_2ddc _cBK |
||
| 999 |
_c76294 _d76294 |
||